00327nam a2200121Ia 4500003000500000005001700005008004100022020001500063100002500078245004300103260004200146300001700188SISC20180213162259.0180205s9999 xx 000 0 und d a9814058068 aHorngren, Charles T. aIntroduction to financial accounting / aNew jersey 0bPearson educationc2000 av, 626 pages